[Event "World Blitz 2023"]
[Site "Samarkand UZB"]
[Date "2023.12.30"]
[Round "14.72"]
[White "Harutyunyan, Tigran K."]
[Black "Amangeldy, Ernur"]
[Result "1-0"]
[WhiteElo "2407"]
[BlackElo "2144"]
[EventDate "2023.12.29"]

1. c4 e6 2. Nc3 d5 3. d4 Nf6 4. cxd5 exd5 5. Bg5 Be7 6. e3 O-O 7. Bd3 c6 8.
Qc2 h6 9. Bf4 a5 10. Nf3 Na6 11. a3 Nc7 12. h3 Ne6 13. Bh2 g6 14. O-O Ng7
15. e4 dxe4 16. Nxe4 Bf5 17. Rfe1 Nxe4 18. Bxe4 Bf6 19. Be5 Bxe5 20. dxe5
Qe7 21. Bxf5 Nxf5 22. e6 fxe6 23. Qb3 Ng7 24. Re2 Rf6 25. Rae1 Raf8 26. Nd4
Re8 27. Re5 Kh7 28. Rxa5 Qd7 29. Nf3 Qc7 30. Rae5 Qf7 31. a4 Rd8 32. a5 Rd5
33. Qc3 Qd7 34. Rxd5 exd5 35. Qxf6 1-0

[Event "World Blitz 2023"]
[Site "Samarkand UZB"]
[Date "2023.12.30"]
[Round "14.73"]
[White "Sklokin, Sergey"]
[Black "Song, Raymond"]
[Result "1/2-1/2"]
[WhiteElo "1995"]
[BlackElo "2383"]
[EventDate "2023.12.29"]

1. e4 c5 2. c3 Nf6 3. e5 Nd5 4. d4 cxd4 5. cxd4 d6 6. Nf3 Nc6 7. exd6 Qxd6
8. Nc3 Bg4 9. Be2 e6 10. O-O Be7 11. h3 Bh5 12. Nxd5 Qxd5 13. Be3 O-O 14.
Rc1 Rfd8 15. a3 Rac8 16. Qd2 Qd6 17. Rfd1 Bf6 18. Bf4 Qd7 19. g4 Bg6 20.
Bg5 Bxg5 21. Qxg5 h6 22. Qe3 Qe7 23. Ne5 Nxe5 24. dxe5 b6 25. Kg2 Rxc1 26.
Rxc1 Rd5 27. Bf3 Rd3 28. Qf4 Qd7 29. h4 Rd4 30. Qe3 Rd3 31. Qf4 Rd4 32. Qe3
h5 33. gxh5 Bf5 34. Qg5 Kh7 35. Rg1 Qd8 36. Qxd8 Rxd8 37. Rd1 Rxd1 38. Bxd1
Kh6 39. f4 Kh7 40. Kg3 Kg8 41. Bg4 Bc2 42. Kf2 Kf8 43. Ke3 Ke7 44. Bf3 Bf5
45. Kd4 Kd7 46. Kc4 Kc7 47. a4 a5 48. b4 axb4 49. Kxb4 Bd3 50. Kc3 Bf1 51.
Kb4 Bd3 52. a5 bxa5+ 53. Kxa5 Bf1 54. Kb4 Bd3 55. Kc3 Bf5 56. Kd4 Kd7 57.
Kc5 Kc7 58. h6 gxh6 59. Bh5 Bg6 60. Bf3 Kd7 61. Bc6+ Ke7 62. Kd4 f6 63. Be4
Bh5 64. Bc6 Bg4 65. Ke3 Kf7 66. Kf2 Kg6 67. Kg3 Bd1 68. h5+ Bxh5 69. Be8+
Kf5 70. Bxh5 fxe5 71. Bg4+ Kf6 1/2-1/2

[Event "World Blitz 2023"]
[Site "Samarkand UZB"]
[Date "2023.12.30"]
[Round "14.74"]
[White "Turayev, Shahruh"]
[Black "Vakhidov, Daler"]
[Result "0-1"]
[WhiteElo "2168"]
[BlackElo "2110"]
[EventDate "2023.12.29"]

1. e4 c5 2. Nc3 g6 3. d4 cxd4 4. Qxd4 Nf6 5. Nf3 Nc6 6. Qe3 Bg7 7. Bc4 O-O
8. O-O d6 9. h3 Qa5 10. Bb3 Be6 11. Nd5 Bxd5 12. Bd2 Qb6 13. Qxb6 axb6 14.
exd5 Na5 15. Bxa5 bxa5 16. a4 Nd7 17. Rae1 Bf6 18. c3 Rfb8 19. Bc4 Nb6 20.
Bb3 Nd7 21. Bc4 Rc8 22. Bb5 Nb6 23. Rd1 Rc5 24. b4 Rxc3 25. bxa5 Rxa5 26.
Rb1 Nxd5 27. Rfd1 Rc5 28. Bd7 Nc3 29. Re1 Nxb1 30. Rxb1 Rc7 31. Bb5 d5 32.
g4 h6 33. Nd2 Ra8 34. Nb3 h5 35. gxh5 gxh5 36. Kg2 Rc3 37. Nc1 Kh7 38. Ne2
Rg8+ 39. Kh2 Rf3 40. Rf1 Be5+ 0-1

[Event "World Blitz 2023"]
[Site "Samarkand UZB"]
[Date "2023.12.30"]
[Round "14.76"]
[White "Oro, Faustino"]
[Black "Tregubenko, Nikolay"]
[Result "1-0"]
[WhiteElo "2105"]
[BlackElo "1955"]
[EventDate "2023.12.29"]

1. e4 c5 2. Nf3 d6 3. c3 Nf6 4. h3 Nc6 5. Bd3 e6 6. O-O Be7 7. Re1 O-O 8.
Bf1 a6 9. d4 cxd4 10. cxd4 d5 11. e5 Ne4 12. Nbd2 Nxd2 13. Bxd2 Bd7 14. Bd3
Rc8 15. Rc1 Qb6 16. Bc3 f6 17. exf6 Bxf6 18. Qd2 Kh8 19. Qe3 Qd8 20. Bb1 b5
21. a3 g6 22. Bd2 Bg7 23. Qd3 Qb6 24. Bc3 Rf5 25. Qe3 Rff8 26. h4 Qc7 27.
g3 Qd8 28. Kg2 Qf6 29. h5 Ne7 30. Ne5 Be8 31. h6 Bxh6 32. Qxh6 Qxf2+ 33.
Kh3 Ng8 34. Qh4 Nf6 35. Rf1 g5 36. Qh6 Rg8 37. Rxf2 1-0

[Event "World Blitz 2023"]
[Site "Samarkand UZB"]
[Date "2023.12.30"]
[Round "14.77"]
[White "Khusenkhojaev, Mustafokhuja"]
[Black "Yonal, Timur"]
[Result "0-1"]
[WhiteElo "2082"]
[BlackElo "1862"]
[EventDate "2023.12.29"]

1. d4 d5 2. Nf3 Nf6 3. c4 e6 4. cxd5 exd5 5. Nc3 c6 6. Qc2 Be6 7. Bg5 Bd6
8. e3 Nbd7 9. Bd3 a6 10. O-O Qc7 11. Rac1 O-O 12. Bh4 Rfe8 13. Rfe1 Rac8
14. Bg3 h6 15. Na4 Bxg3 16. hxg3 Ne4 17. Nc5 f5 18. Nxd7 Qxd7 19. Ne5 Qe7
20. a3 Qf6 21. b4 h5 22. a4 g6 23. Qb2 Kg7 24. b5 axb5 25. axb5 c5 26. Ra1
Rh8 27. Ra7 Rc7 28. b6 Re7 29. Bxe4 fxe4 0-1

[Event "World Blitz 2023"]
[Site "Samarkand UZB"]
[Date "2023.12.30"]
[Round "14.78"]
[White "Bogdan, David"]
[Black "Ilkhomi, Jaloliddin"]
[Result "0-1"]
[WhiteElo "1880"]
[BlackElo "2054"]
[EventDate "2023.12.29"]

1. e4 e6 2. d4 d5 3. e5 c5 4. c3 Qb6 5. Nf3 Bd7 6. a3 Bb5 7. Be2 Bxe2 8.
Qxe2 cxd4 9. cxd4 Nc6 10. Qd3 Nge7 11. b4 Nf5 12. Bb2 Be7 13. O-O h5 14.
Nc3 Nfxd4 15. Nxd4 Qxd4 16. Qc2 Qb6 17. Rfd1 Rc8 18. Qe2 a6 19. Rac1 Bg5
20. Rb1 Nd4 21. Qf1 Nb5 22. Na4 Qd8 23. Nc5 Qe7 24. a4 Na7 25. Bd4 Nc6 26.
b5 Nxd4 0-1

[Event "World Blitz 2023"]
[Site "Samarkand UZB"]
[Date "2023.12.30"]
[Round "15.2"]
[White "Svidler, Peter"]
[Black "Artemiev, Vladislav"]
[Result "0-1"]
[WhiteElo "2689"]
[BlackElo "2799"]
[EventDate "2023.12.29"]

1. e4 e5 2. Nf3 Nc6 3. Bb5 a6 4. Ba4 Nf6 5. O-O Be7 6. d3 b5 7. Bb3 O-O 8.
a4 Rb8 9. axb5 axb5 10. Nc3 d6 11. h3 h6 12. Re1 Re8 13. Nd5 Bf8 14. c4 Bd7
15. Ne3 Nb4 16. cxb5 Bxb5 17. Bc4 c6 18. b3 d5 19. Bxb5 Rxb5 20. Bb2 dxe4
21. dxe4 Nd3 22. Re2 Nxe4 23. Nc4 Nexf2 24. Rxf2 Bc5 0-1

[Event "World Blitz 2023"]
[Site "Samarkand UZB"]
[Date "2023.12.30"]
[Round "15.4"]
[White "Nihal, Sarin"]
[Black "Nepomniachtchi, Ian"]
[Result "0-1"]
[WhiteElo "2689"]
[BlackElo "2795"]
[EventDate "2023.12.29"]

1. Nf3 Nf6 2. b3 d5 3. Bb2 e6 4. e3 Be7 5. d4 O-O 6. Nbd2 b6 7. Bd3 Bb7 8.
O-O Nbd7 9. c4 c5 10. Rc1 dxc4 11. Nxc4 cxd4 12. Nxd4 Rc8 13. Be2 a6 14.
Bf3 Bxf3 15. Nxf3 b5 16. Nce5 Nxe5 17. Nxe5 Qb6 18. Bd4 Qb7 19. Qf3 Qxf3
20. gxf3 Ba3 21. Rc6 Rxc6 22. Nxc6 Rc8 23. Rc1 Bxc1 24. Ne7+ Kf8 25. Nxc8
Ba3 26. Na7 Nd5 27. Nc6 f6 28. f4 Bd6 29. Bb2 Ke8 30. Kf1 Kd7 31. Nd4 Nb4
32. a4 Nd3 33. Bc3 b4 34. Bd2 a5 35. Ne2 Kc6 36. Nc1 Nc5 37. Ke2 Kd5 38. f3
f5 39. Kd1 e5 40. fxe5 Bxe5 41. h3 Bb2 42. Kc2 Bxc1 43. Bxc1 g5 44. Bd2 h5
45. Be1 g4 46. hxg4 fxg4 47. e4+ Kc6 48. fxg4 hxg4 49. e5 Kd5 50. Bf2 Ne4
51. Bg1 g3 52. Kd3 Nc5+ 53. Kc2 g2 54. Be3 Ne6 55. Bg1 Kxe5 56. Kd3 Kd5 57.
Kc2 Nd4+ 58. Kb2 Nf3 0-1

[Event "World Blitz 2023"]
[Site "Samarkand UZB"]
[Date "2023.12.30"]
[Round "15.5"]
[White "Caruana, Fabiano"]
[Black "Yu, Yangyi"]
[Result "1/2-1/2"]
[WhiteElo "2815"]
[BlackElo "2762"]
[EventDate "2023.12.29"]

1. e4 e5 2. Nf3 Nf6 3. Nxe5 d6 4. Nf3 Nxe4 5. Nc3 Nxc3 6. dxc3 Be7 7. Bf4
Nc6 8. Qd2 Bf5 9. O-O-O Qd7 10. Bc4 O-O 11. Kb1 Rae8 12. h3 Be6 13. Bd3 Bf5
14. g4 Bxd3 15. Qxd3 Bd8 16. a3 a6 17. Rhg1 Qe6 18. Rde1 Qd7 19. Be3 Ne5
20. Nxe5 Rxe5 21. f4 Re7 22. Bd4 Rfe8 23. Rxe7 Qxe7 24. g5 Qe4 25. Qg3 Qf5
26. Re1 Re6 27. Rxe6 fxe6 28. h4 Qe4 29. b3 b5 30. Kb2 c5 31. Be3 Kf7 32.
h5 Ke8 33. Bc1 Kd7 34. Qf2 Be7 35. Qf1 Kc6 36. a4 d5 37. axb5+ axb5 38. Bd2
Bd8 39. Qa1 Kb7 40. Qf1 Kc6 41. Qa1 Kb7 42. Qf1 1/2-1/2

[Event "World Blitz 2023"]
[Site "Samarkand UZB"]
[Date "2023.12.30"]
[Round "15.7"]
[White "Aronian, Levon"]
[Black "Riazantsev, Alexander"]
[Result "1-0"]
[WhiteElo "2772"]
[BlackElo "2621"]
[EventDate "2023.12.29"]

1. e4 c5 2. Nf3 e6 3. c3 d5 4. e5 d4 5. Na3 Nc6 6. Bd3 Nh6 7. O-O Be7 8.
Re1 b6 9. Be4 Bb7 10. cxd4 cxd4 11. d3 Nf5 12. g4 Nh4 13. Nxh4 Bxh4 14. Nc4
Be7 15. Qf3 Rc8 16. a4 Qd7 17. Bd2 Nd8 18. Bxb7 Nxb7 19. b4 O-O 20. Re4 f5
21. exf6 Rxf6 22. Qe2 Rcf8 23. Rf1 Nd8 24. f4 Qxa4 25. g5 Rf5 26. Rxd4 Bxg5
27. Nd6 Bf6 28. Nxf5 exf5 29. Rc4 Nf7 30. Rfc1 Qd7 31. Qf3 Rd8 32. Bc3 Nd6
33. Bxf6 gxf6 34. Rc7 Qe6 35. Qg2+ Kh8 36. Qg7# 1-0

[Event "World Blitz 2023"]
[Site "Samarkand UZB"]
[Date "2023.12.30"]
[Round "15.9"]
[White "Shimanov, Aleksandr"]
[Black "Andreikin, Dmitry"]
[Result "1-0"]
[WhiteElo "2611"]
[BlackElo "2741"]
[EventDate "2023.12.29"]

1. Nf3 d5 2. c4 e6 3. g3 Nf6 4. Bg2 Be7 5. O-O O-O 6. b3 c6 7. Bb2 b6 8. e3
Bb7 9. Nc3 Nbd7 10. d4 c5 11. cxd5 Nxd5 12. Nxd5 Bxd5 13. Qe2 cxd4 14. Nxd4
Bxg2 15. Kxg2 Bf6 16. Rac1 Nc5 17. Rfd1 Qd5+ 18. Nf3 Qf5 19. Bxf6 Qxf6 20.
b4 Ne4 21. Rd4 Ng5 22. Rc7 a5 23. b5 Rad8 24. Rf4 Qh6 25. h4 Nxf3 26. Qxf3
f5 27. Rfc4 Rd5 28. a4 g5 29. R4c6 Re5 30. hxg5 Qxg5 31. Rxb6 Re4 32. Rbb7
Rxa4 33. Rxh7 Re4 34. Qd1 f4 35. Qd7 f3+ 36. Kg1 Rg4 37. Qxe6+ 1-0

[Event "World Blitz 2023"]
[Site "Samarkand UZB"]
[Date "2023.12.30"]
[Round "15.10"]
[White "Tsydypov, Zhamsaran"]
[Black "Mamedyarov, Shakhriyar"]
[Result "0-1"]
[WhiteElo "2626"]
[BlackElo "2716"]
[EventDate "2023.12.29"]

1. Nf3 Nf6 2. g3 g6 3. Bg2 Bg7 4. O-O O-O 5. c4 d6 6. d4 Nbd7 7. Nc3 e5 8.
e4 exd4 9. Nxd4 Re8 10. h3 a6 11. Re1 Rb8 12. Bf4 Ne5 13. b3 c5 14. Nf3
Nfd7 15. Rc1 Nxf3+ 16. Qxf3 Ne5 17. Qe2 b5 18. cxb5 axb5 19. Nxb5 Ba6 20.
a4 Nc6 21. Qd1 Bxb5 22. axb5 Nd4 23. Bf1 Qd7 24. Kg2 Rb6 25. Bc4 Nxb5 26.
e5 Nd4 27. exd6 Qc6+ 28. f3 Rxe1 29. Qxe1 Nxf3 30. Bxf7+ Kxf7 31. Qe7+ Kg8
32. Qd8+ Bf8 33. Kf2 Nd4 34. Rc3 Ra6 0-1

[Event "World Blitz 2023"]
[Site "Samarkand UZB"]
[Date "2023.12.30"]
[Round "15.11"]
[White "Sindarov, Javokhir"]
[Black "Sarana, Alexey"]
[Result "1/2-1/2"]
[WhiteElo "2607"]
[BlackElo "2707"]
[EventDate "2023.12.29"]

1. e4 c5 2. Nf3 d6 3. d4 cxd4 4. Nxd4 Nf6 5. Bd3 e5 6. Nf3 Nbd7 7. c4 Nc5
8. Nc3 Be7 9. O-O O-O 10. h3 b6 11. Re1 Bb7 12. b4 Nxd3 13. Qxd3 Rc8 14.
Be3 Qc7 15. Nd2 Ba6 16. b5 Bb7 17. a4 Nd7 18. Rec1 Nc5 19. Qe2 Qd8 20. Nd5
Bg5 21. Bxg5 Qxg5 22. Nf3 Qd8 23. Qe3 f5 24. exf5 Bxd5 25. cxd5 Rxf5 26.
Rc4 Qf6 27. Nd2 Rf8 28. Rxc5 dxc5 29. Ne4 Qe7 30. a5 Rd8 31. d6 Qe6 32.
axb6 axb6 33. Ra6 Rb8 34. Ra7 h6 35. Re7 Qg6 36. Ng3 Rf7 37. Qxe5 Qf6 38.
Qd5 Qxf2+ 1/2-1/2

[Event "World Blitz 2023"]
[Site "Samarkand UZB"]
[Date "2023.12.30"]
[Round "15.12"]
[White "Abdusattorov, Nodirbek"]
[Black "Narayanan, S L"]
[Result "1-0"]
[WhiteElo "2694"]
[BlackElo "2564"]
[EventDate "2023.12.29"]

1. e4 c5 2. Nf3 e6 3. d4 cxd4 4. Nxd4 a6 5. Nc3 b5 6. g3 Bb7 7. Bg2 Nf6 8.
a3 d6 9. O-O Nbd7 10. Re1 Rb8 11. a4 b4 12. Nd5 e5 13. Nxf6+ Nxf6 14. Nf5
g6 15. Ne3 a5 16. Nc4 Rc8 17. b3 Rxc4 18. bxc4 Qc7 19. c3 bxc3 20. Qb3 Be7
21. Rb1 Bc8 22. Bh6 Ng4 23. Qb5+ Kd8 24. Bc1 Qa7 25. Re2 Qd4 26. Qxa5+ Ke8
27. Ba3 Kf8 28. h3 Nf6 29. Rc1 Kg7 30. Qxc3 Qa7 31. c5 dxc5 32. Qxe5 Re8
33. Bxc5 Bxc5 34. Qxc5 Qxa4 35. Qc3 Qa6 36. Rb2 1-0

[Event "World Blitz 2023"]
[Site "Samarkand UZB"]
[Date "2023.12.30"]
[Round "15.13"]
[White "Makhnev, Denis"]
[Black "Sadhwani, Raunak"]
[Result "0-1"]
[WhiteElo "2528"]
[BlackElo "2668"]
[EventDate "2023.12.29"]

1. d4 Nf6 2. c4 e6 3. Nc3 Bb4 4. e3 O-O 5. Bd3 d5 6. a3 Bxc3+ 7. bxc3 dxc4
8. Bxc4 c5 9. Ne2 b6 10. O-O Qc7 11. Bd3 Nc6 12. e4 Bb7 13. f3 Nd7 14. Bf4
Qd8 15. Be3 Qe7 16. Qe1 Rac8 17. Qg3 Na5 18. Nf4 cxd4 19. cxd4 Rc3 20. Bd2
Rcc8 21. Bb4 Qf6 22. e5 Qh6 23. Bxf8 Nxf8 24. Rad1 Rd8 25. h4 Ng6 26. Bxg6
hxg6 27. d5 exd5 28. e6 fxe6 29. Nxe6 Qe3+ 30. Kh2 Qxe6 31. Rde1 Qd6 32.
Re8+ Kf7 33. Rxd8 Qxd8 34. f4 Bc8 35. f5 gxf5 36. h5 Nc4 37. Rf4 Ne5 38.
Rf1 Qf6 39. Kh1 d4 40. Re1 f4 41. Qb3+ Be6 42. Qd1 Ng4 43. Kg1 Qh4 44. Qd2
Qh2+ 0-1

[Event "World Blitz 2023"]
[Site "Samarkand UZB"]
[Date "2023.12.30"]
[Round "15.14"]
[White "Praggnanandhaa, R"]
[Black "Sjugirov, Sanan"]
[Result "1-0"]
[WhiteElo "2665"]
[BlackElo "2569"]
[EventDate "2023.12.29"]

1. e4 c5 2. Nf3 d6 3. Nc3 a6 4. d4 cxd4 5. Qxd4 Nf6 6. Nd5 Nc6 7. Nxf6+
gxf6 8. Qd3 f5 9. exf5 Qa5+ 10. Bd2 Qxf5 11. Qe3 Bg7 12. Bc3 Bxc3+ 13. Qxc3
Qe4+ 14. Kd2 Qf4+ 15. Qe3 Qb4+ 16. Qc3 Qf4+ 17. Qe3 Qb4+ 18. Qc3 Qxc3+ 19.
Kxc3 Rg8 20. Kd2 Bg4 21. Be2 Rc8 22. c3 e6 23. g3 Ke7 24. Ne1 Bxe2 25. Kxe2
d5 26. Nd3 d4 27. Rhc1 dxc3 28. Rxc3 Nd4+ 29. Kd2 Rxc3 30. bxc3 Nb5 31. c4
Na3 32. c5 Rd8 33. Re1 Rd4 34. h4 Nb5 35. Rb1 Kd7 36. Rb4 f6 37. a4 Rxb4
38. Nxb4 Nd4 39. Kc3 Nf3 40. c6+ Kc7 41. cxb7 Kxb7 42. Kc4 a5 43. Nc2 Ne5+
44. Kb5 Nd3 45. f3 e5 46. Kxa5 Kc6 47. Ka6 Nc5+ 48. Ka5 Nd3 49. Nb4+ 1-0

[Event "World Blitz 2023"]
[Site "Samarkand UZB"]
[Date "2023.12.30"]
[Round "15.15"]
[White "Radjabov, Teimour"]
[Black "Uskov, Artem"]
[Result "1-0"]
[WhiteElo "2664"]
[BlackElo "2328"]
[EventDate "2023.12.29"]

1. d4 Nf6 2. Nf3 d5 3. c4 e6 4. e3 b6 5. cxd5 exd5 6. Bb5+ c6 7. Bd3 Bd6 8.
Nc3 Bb7 9. O-O O-O 10. b3 Nbd7 11. Bb2 a5 12. Ne2 Re8 13. Rc1 Qe7 14. Ng3
Ba3 15. Qc2 Bxb2 16. Qxb2 g6 17. Rfe1 a4 18. b4 a3 19. Qb3 Qd6 20. Bf1 b5
21. Rb1 Nb6 22. Ne5 Nc4 23. Nd3 Nd7 24. Qc3 f5 25. Nc5 Nxc5 26. bxc5 Qc7
27. Ne2 Qa5 28. Rb4 Bc8 29. Nf4 Be6 30. Reb1 Bf7 31. Be2 Qc7 32. Nd3 g5 33.
g3 Bg6 34. Rd1 Re7 35. Rb3 Rf8 36. Bf1 f4 37. exf4 Bxd3 38. Bxd3 gxf4 39.
Qc2 fxg3 40. hxg3 Rg7 41. Bf1 Qf4 42. Bg2 Qf6 43. Qe2 Kh8 44. Rf3 Qd8 45.
Rxf8+ Qxf8 46. Qe6 Rg6 47. Qd7 Rf6 48. Re1 Qh6 49. Re8+ Rf8 50. Rxf8+ Qxf8
51. Qxc6 Qe7 52. Qc8+ Kg7 53. Qg4+ Kh8 54. Bxd5 Qd8 55. Qe6 Nd2 56. c6 1-0

[Event "World Blitz 2023"]
[Site "Samarkand UZB"]
[Date "2023.12.30"]
[Round "15.16"]
[White "Suleymanli, Aydin"]
[Black "Tomashevsky, Evgeny"]
[Result "1/2-1/2"]
[WhiteElo "2553"]
[BlackElo "2663"]
[EventDate "2023.12.29"]

1. e4 e5 2. Nf3 Nc6 3. Bb5 Nf6 4. O-O Nxe4 5. Re1 Nd6 6. Nxe5 Be7 7. Bf1
Nxe5 8. Rxe5 O-O 9. d4 Bf6 10. Re1 Re8 11. c3 Rxe1 12. Qxe1 Ne8 13. Bd3 d5
14. Bf4 1/2-1/2

[Event "World Blitz 2023"]
[Site "Samarkand UZB"]
[Date "2023.12.30"]
[Round "15.17"]
[White "Muradli, Mahammad"]
[Black "Maghsoodloo, Parham"]
[Result "1/2-1/2"]
[WhiteElo "2551"]
[BlackElo "2660"]
[EventDate "2023.12.29"]

1. d4 Nf6 2. Nf3 d5 3. c4 e6 4. g3 Bb4+ 5. Bd2 Be7 6. Bg2 O-O 7. O-O c6 8.
Qc2 Nbd7 9. Bf4 h6 10. Rd1 a5 11. Ne5 Qb6 12. Nc3 Qa6 13. c5 Nxe5 14. Bxe5
Nd7 15. Bc7 b6 16. cxb6 Nxb6 17. Rac1 Nd7 18. Na4 Bb7 19. e4 Rac8 20. Bf4
c5 21. dxc5 Nxc5 22. exd5 Bxd5 23. Bxd5 exd5 24. Rxd5 Ne6 25. Qe4 Nxf4 26.
Rxc8 Rxc8 27. Qxf4 Rc4 28. Qe3 Qc6 29. Nc3 Rxc3 30. bxc3 Qxd5 31. Qxe7 Qxa2
32. Qe8+ Kh7 33. Qe4+ g6 34. c4 a4 35. Qd5 Kg7 36. Qe5+ Kh7 37. Qd5 Kg8 38.
Qd8+ Kg7 39. Qd4+ Kg8 40. Qd8+ Kh7 41. Qd5 1/2-1/2

[Event "World Blitz 2023"]
[Site "Samarkand UZB"]
[Date "2023.12.30"]
[Round "15.18"]
[White "Vidit, Santosh Gujrathi"]
[Black "Murzin, Volodar"]
[Result "0-1"]
[WhiteElo "2642"]
[BlackElo "2591"]
[EventDate "2023.12.29"]

1. d4 d5 2. c4 c6 3. cxd5 cxd5 4. Bf4 e6 5. Nc3 Bd6 6. e3 Bxf4 7. exf4 Nc6
8. Nf3 Nge7 9. Bd3 Nf5 10. Bc2 Qf6 11. Ne2 Bd7 12. Ne5 O-O-O 13. Qd2 Nd6
14. O-O-O Kb8 15. Kb1 Qe7 16. Rhe1 f6 17. Nd3 Nc4 18. Qc3 Rc8 19. Nc5 b6
20. Nxd7+ Qxd7 21. Qg3 f5 22. Bb3 N6a5 23. Nc1 Rc7 24. Nd3 Rhc8 25. Bxc4
Nxc4 26. Qf3 Qb5 27. Ka1 a5 28. Qe2 a4 29. a3 Na5 30. Nb4 Rc1+ 31. Rxc1
Nb3+ 32. Kb1 Rxc1+ 33. Rxc1 Qxe2 0-1

[Event "World Blitz 2023"]
[Site "Samarkand UZB"]
[Date "2023.12.30"]
[Round "15.19"]
[White "Vasquez Schroeder, Rodrigo"]
[Black "Rapport, Richard"]
[Result "0-1"]
[WhiteElo "2582"]
[BlackElo "2748"]
[EventDate "2023.12.29"]

1. e4 c6 2. Nf3 d5 3. d3 Qc7 4. g3 dxe4 5. dxe4 e5 6. Bg2 Bc5 7. O-O Ne7 8.
b3 O-O 9. Bb2 Ng6 10. Qe2 Re8 11. Nbd2 Nd7 12. Nc4 Nf6 13. Rad1 h6 14. a3
a5 15. h3 b5 16. Ncd2 Be6 17. Kh2 Rad8 18. Ne1 Qe7 19. Ra1 Bd4 20. Bxd4
Rxd4 21. Nef3 Rd6 22. a4 b4 23. Nc4 Bxc4 24. Qxc4 Qa7 25. Ne1 Red8 26. Nd3
Nd7 27. f4 Qb6 28. Rae1 Rd4 0-1

[Event "World Blitz 2023"]
[Site "Samarkand UZB"]
[Date "2023.12.30"]
[Round "15.20"]
[White "Salem, A.R. Saleh"]
[Black "Dardha, Daniel"]
[Result "1-0"]
[WhiteElo "2668"]
[BlackElo "2568"]
[EventDate "2023.12.29"]

1. d4 d5 2. c4 dxc4 3. Nf3 Nf6 4. e3 a6 5. Bxc4 e6 6. O-O c5 7. a4 Nc6 8.
Qe2 cxd4 9. Rd1 Be7 10. exd4 O-O 11. Nc3 Re8 12. Ne5 Nb4 13. Ra3 Nc6 14.
Ra1 Nb4 15. h4 b6 16. Ra3 Nbd5 17. Rb3 Bb7 18. Nxd5 Nxd5 19. Qe4 f5 20. Qe2
Bxh4 21. Qh5 Qe7 22. Rh3 g5 23. Bxg5 Bxg5 24. Rg3 Nf4 25. Rxg5+ Kh8 26.
Nf7+ 1-0

[Event "World Blitz 2023"]
[Site "Samarkand UZB"]
[Date "2023.12.30"]
[Round "15.23"]
[White "Korobov, Anton"]
[Black "Guseinov, Gadir"]
[Result "1/2-1/2"]
[WhiteElo "2649"]
[BlackElo "2563"]
[EventDate "2023.12.29"]

1. c4 Nf6 2. Nc3 g6 3. e4 d6 4. d4 Bg7 5. Nf3 O-O 6. Be2 c5 7. O-O cxd4 8.
Nxd4 Nc6 9. Be3 Bd7 10. Nc2 a5 11. Rc1 a4 12. Na3 Qa5 13. Nab5 Rfc8 14. Bd2
Qd8 15. f3 Qa5 16. Kh1 Ne5 17. Nd5 Qd8 18. Ne3 Bc6 19. Bc3 Ned7 20. Rc2 Nh5
21. Bxg7 Nxg7 22. Rd2 Ne6 23. a3 Nec5 24. Ng4 Nb3 25. Rc2 Bxb5 26. cxb5
Rxc2 27. Qxc2 Rc8 28. Qd3 Ne5 29. Nxe5 dxe5 30. Qxd8+ Rxd8 31. Rd1 Rc8 32.
Kg1 Rc2 33. Rd8+ Kg7 34. Bf1 Rxb2 35. Rd7 Kf6 36. Rxb7 Nd4 37. Ra7 e6 38.
h4 h6 39. Rxa4 Nxb5 40. Bxb5 1/2-1/2

[Event "World Blitz 2023"]
[Site "Samarkand UZB"]
[Date "2023.12.30"]
[Round "15.24"]
[White "Petrosyan, Manuel"]
[Black "Mamedov, Rauf"]
[Result "0-1"]
[WhiteElo "2556"]
[BlackElo "2635"]
[EventDate "2023.12.29"]

1. e4 c5 2. Nf3 d6 3. d4 cxd4 4. Nxd4 Nf6 5. Nc3 g6 6. Be2 Bg7 7. O-O O-O
8. Be3 Nc6 9. Qd2 Nxd4 10. Bxd4 Bd7 11. e5 dxe5 12. Bxe5 Bc6 13. Qxd8 Rfxd8
14. Rfd1 Nd7 15. Bxg7 Kxg7 16. Nd5 Bxd5 17. Rxd5 Nb6 18. Rxd8 Rxd8 19. Kf1
Na4 20. Rb1 f5 21. Bb5 Nc5 22. Ke1 Ne4 23. f3 Nd6 24. Be2 Rc8 25. c3 Kf6
26. Rd1 Rc5 27. f4 h6 28. h4 g5 29. hxg5+ hxg5 30. fxg5+ Kxg5 31. Bf3 Kf6
32. Ke2 Rb5 33. b3 b6 34. Rd5 Rxd5 35. Bxd5 Ke5 36. Bc6 Kf4 37. c4 e5 38.
Bd5 e4 39. b4 Ke5 40. Bg8 Kd4 41. c5 bxc5 42. bxc5 Kxc5 43. Ke3 Nc8 44. Bh7
Ne7 45. g4 Nd5+ 46. Kd2 e3+ 47. Kd3 fxg4 48. Be4 g3 49. Bf3 g2 50. Bxg2
Nf4+ 51. Kxe3 Nxg2+ 0-1

[Event "World Blitz 2023"]
[Site "Samarkand UZB"]
[Date "2023.12.30"]
[Round "15.1"]
[White "Christiansen, Johan-Sebastian"]
[Black "Grischuk, Alexander"]
[Result "0-1"]
[WhiteElo "2541"]
[BlackElo "2699"]
[EventDate "2023.12.29"]

1. e4 e5 2. Nf3 Nc6 3. d4 exd4 4. Nxd4 Qf6 5. Ne2 Bb4+ 6. c3 Bc5 7. Nf4
Nge7 8. Be2 d6 9. O-O O-O 10. Kh1 a5 11. Nd3 Bb6 12. f4 d5 13. e5 Qg6 14.
g4 f5 15. h3 d4 16. c4 Nb4 17. g5 Bd7 18. Kh2 Bc6 19. Nd2 Be4 20. Nf2 Bc2
21. Qe1 Ba4 22. Bd1 Bxd1 23. Qxd1 d3 24. Nf3 Rfd8 25. Bd2 Nec6 26. Nh4 Qe6
27. Nh1 Nc2 28. Rb1 N6d4 29. Ng3 g6 30. b3 a4 31. Ng2 axb3 32. axb3 Ra2 33.
Kh1 Qc6 34. h4 Bc5 35. h5 Ne3 0-1

[Event "World Blitz 2023"]
[Site "Samarkand UZB"]
[Date "2023.12.30"]
[Round "15.2"]
[White "Terry, Renato"]
[Black "Giri, Anish"]
[Result "0-1"]
[WhiteElo "2578"]
[BlackElo "2731"]
[EventDate "2023.12.29"]

1. d4 Nf6 2. Bg5 e6 3. e4 h6 4. Bxf6 Qxf6 5. c3 c5 6. d5 exd5 7. Qxd5 Na6
8. Nd2 Nc7 9. Qh5 g6 10. Qf3 Qe7 11. Bd3 Bg7 12. Ne2 O-O 13. O-O b5 14. Nf4
Bb7 15. Rad1 d6 16. Rfe1 Rfe8 17. Nf1 Rad8 18. Qe2 a6 19. Ne3 Qf8 20. Nfd5
Bxd5 21. exd5 Nxd5 22. Qf3 Nxe3 23. Rxe3 Rxe3 24. Qxe3 d5 25. Qf3 c4 26.
Bc2 d4 27. cxd4 Bxd4 28. b3 Qc5 29. g3 Rd6 30. Qf4 Kg7 31. Kg2 Be5 32. Qe4
Bd4 33. Qf4 c3 34. Rd3 b4 35. Qe4 a5 36. Qf4 Be5 37. Qe4 Rf6 38. Rf3 Re6
39. Qb7 Re7 40. Qa6 Bd4 41. Qd3 h5 42. h3 Qd5 43. Qd1 Re6 44. Kg1 Rd6 45.
Qe2 Bb6 46. Rd3 Re6 47. Qd1 Qe5 48. Kg2 Qe2 49. Rf3 Qxd1 50. Bxd1 Rd6 51.
Bc2 Rd2 52. Be4 c2 53. Bxc2 Rxc2 54. Rf4 Rxa2 0-1